| 000 | 02862cam a22003611ia4500 | ||
|---|---|---|---|
| 003 | SA-RiAUC | ||
| 005 | 20250123073437.0 | ||
| 008 | 250123s1983 su g b 001 0cara c | ||
| 040 |
_aOM-MuSQU _bara _cSA-RiAUC _erda |
||
| 050 | 4 | _b.T37 1983 | |
| 082 | 0 | 4 |
_a922.581 _qSA-RiAUC |
| 090 |
_a922.581 _b ت ق ي |
||
| 100 | 1 |
_aالتقي الغزي، تقي الدين بن عبد القادر التميمي، _dتوفي 1010 هجري _eمؤلف. |
|
| 245 | 1 | 2 |
_aالطبقات السنية في تراجم الحنفية / _cتقي الدين بن عبد القادر التميمي الداري الغزي المصري ؛ تحقيق عبد الفتاح محمد الحلو. |
| 250 | _aالطبعة الأولى. | ||
| 264 | 1 |
_aالرياض : _bدار الرفاعي للنشر والطباعة، _c1983 |
|
| 300 |
_a4 مجلد ؛ _c24 سم. |
||
| 336 |
_aنص _btxt _2rdacontent _3كتاب |
||
| 337 |
_aبدون وسيط _bn _2rdamedia |
||
| 338 |
_aمجلد _bnc _2rdacarrier |
||
| 490 | 1 |
_aالطبقات ؛ _v1 |
|
| 500 | _aيشتمل على كشافات. | ||
| 504 | _aيشتمل على إرجاعات ببليوجرافية. | ||
| 650 | 7 |
_aالفقهاء الأحناف _vتراجم _2aucsh |
|
| 650 | 7 |
_aالفقهاء _vتراجم _2aucsh |
|
| 700 | 1 | 2 |
_iتحقيق لـ (عمل) : _aالتقي الغزي، تقي الدين بن عبد القادر التميمي، _dتوفي 1010 هجري. _tالطبقات السنية في تراجم الحنفية |
| 700 | 1 |
_aالحلو، عبد الفتاح محمد، _d1937-1994 _eمحقق. |
|
| 830 | 2 |
_aالطبقات _v1 |
|
| 856 | 0 |
_uhttp://www.alwaraq.net/Core/AlwaraqSrv/bookpage?book=2013&option=1&fkey=2&page=1 _yDigital Copy _2 نرجو الانتباه لإمكانية وجود اختلاف في الطبعة أو الناشر بين البيانات على البوابة وما ستجده على الكتاب نظرا لمحدودية المعلومات المتاحة على الموقع الناشر للمادة. _3Please note that there may be a difference in the edition or publisher between the data on the portal and the book due to the limited information available on the publisher website for the material. |
|
| 856 | 0 |
_uhttp://www.alwaraq.net/Core/waraq/coverpage?bookid=2013&option=1 _yExternal Link _2 نرجو الانتباه لإمكانية وجود اختلاف في الطبعة أو الناشر بين البيانات على البوابة وما ستجده على الكتاب نظرا لمحدودية المعلومات المتاحة على الموقع الناشر للمادة. _3Please note that there may be a difference in the edition or publisher between the data on the portal and the book due to the limited information available on the publisher website for the material. |
|
| 942 |
_2ddc _cBOOK _n0 |
||
| 949 |
_aSA-JeALM _d250123 _ueid123 _n1 |
||
| 999 |
_c5134 _d5134 |
||